An introduction to the mathematical theory of inverse problems

Αποθηκεύτηκε σε:
Λεπτομέρειες βιβλιογραφικής εγγραφής
Κύριος συγγραφέας: Kirsch, Andreas 1953-
Μορφή: Βιβλίο
Γλώσσα:English
Δημοσίευση: New York : Springer, c2011.
Έκδοση:2η εκδ.
Σειρά:Applied mathematical sciences (Springer-Verlag New York Inc.) 120
Θέματα:
Ετικέτες: Προσθήκη ετικέτας
Δεν υπάρχουν, Καταχωρήστε ετικέτα πρώτοι!

MARC

LEADER 00000nam a2200000 a 4500
001 1/112344
008 161122t2011####nyu| ||| |||| ||eng||
020 |a 9781441984739  
040 |a GR-MyUa  |b gre  |c GR-MyUa  |e AACR2 
041 0 |a eng 
082 7 |a 515.357   |2 (23)  
100 1 |a Kirsch, Andreas   |d 1953- 
245 1 0 |a An introduction to the mathematical theory of inverse problems /   |c Andreas Kirsch.  
250 |a 2η εκδ.  
260 |a New York :   |b Springer,   |c c2011.  
300 |a xiv, 307 σ. :   |b σχέδια ;   |c 24 εκ.  
490 1 |a (Applied mathematical sciences ;   |v 120)  
504 |a Βιβλιογραφία: σ. 295-304. Ευρετήριο.  
650 0 |a Inverse problems (Differential equations) 
830 0 |a Applied mathematical sciences (Springer-Verlag New York Inc.)  |v  120 
852 |a INST  |b SAMOS  |e 20161122  |h 515.357 KIR  |p 005300043966  |q 005300043966  |t BK  |y 0 
922 |a 3ΕΛΗ  |b 201610  |c Τμήμα Μαθηματικών/Μεταπτυχιακό  |d Bookpath 
970 |a Κοσιέρης  |b Χρήστος  |z 22-11-2016